| 000 | 00416nam a22001577a 4500 | ||
|---|---|---|---|
| 999 |
_c30722 _d30721 |
||
| 003 | OSt | ||
| 005 | 20200226092231.0 | ||
| 008 | 180622b ||||| |||| 00| 0 eng d | ||
| 040 |
_aMMU _beng _cMMU _dMMU |
||
| 050 | _aFIC PS 3720 .P35 1994 | ||
| 100 | _aPaige Laurie | ||
| 245 |
_aThe Once and Future Wife/ _cLaurie Paige. |
||
| 260 |
_aNew York: _bSilhoutte Books; _c1994. |
||
| 300 | _a251 p.; | ||
| 942 |
_2lcc _cFICTION |
||